Research Methodology (Record no. 221810)

MARC details
000 -LEADER
fixed length control field 00933nam a22002297a 4500
005 - DATE AND TIME OF LATEST TRANSACTION
control field 20220420123213.0
008 - FIXED-LENGTH DATA ELEMENTS--GENERAL INFORMATION
fixed length control field 220310b ||||| |||| 00| 0 eng d
020 ## - INTERNATIONAL STANDARD BOOK NUMBER
International Standard Book Number 9789386649225
040 ## - CATALOGING SOURCE
Transcribing agency AL
041 ## - LANGUAGE CODE
Language code of text/sound track or separate title eng
082 ## - DEWEY DECIMAL CLASSIFICATION NUMBER
Edition number 23
Classification number 001.42
Item number KOTR
100 ## - MAIN ENTRY--PERSONAL NAME
Personal name Kothari C R
9 (RLIN) 23309
245 ## - TITLE STATEMENT
Title Research Methodology
Remainder of title Methods and techniques
250 ## - EDITION STATEMENT
Edition statement 4th
260 ## - PUBLICATION, DISTRIBUTION, ETC.
Place of publication, distribution, etc. London
Name of publisher, distributor, etc. New age international limited
Date of publication, distribution, etc. 2022
300 ## - PHYSICAL DESCRIPTION
Extent xxi,458p.
Other physical details PB
Dimensions 24x17cm.
365 ## - TRADE PRICE
Source of price type code General
Price type code VBI-1343
Price amount ₹299.25
Currency code
Unit of pricing ₹399.00
Price note 25%
Price effective from 21/02/2022
520 ## - SUMMARY, ETC.
Summary, etc. Reading books is a kind of enjoyment. Reading books is a good habit. We bring you a different kinds of books. You can carry this book where ever you want. It is easy to carry. It can be an ideal gift to yourself and to your loved ones. Care instruction keep away from fire.<br/>
650 ## - SUBJECT ADDED ENTRY--TOPICAL TERM
Source of heading or term Research
Topical term or geographic name entry element Methodology
9 (RLIN) 23310
700 ## - ADDED ENTRY--PERSONAL NAME
Personal name Garg, Gaurav
9 (RLIN) 23311
942 ## - ADDED ENTRY ELEMENTS (KOHA)
Source of classification or shelving scheme Dewey Decimal Classification
Koha item type Book
Holdings
Withdrawn status Lost status Source of classification or shelving scheme Damaged status Not for loan Collection code Home library Current library Date acquired Source of acquisition Cost, normal purchase price Total Checkouts Full call number Barcode Date last seen Date last checked out Cost, replacement price Price effective from Koha item type
    Dewey Decimal Classification     Food Science Nutrition & Dietetics St Aloysius PG Library St Aloysius PG Library 03/08/2022 Vidyarthi Books 299.25 10 001.42 KOTR PG023745 02/03/2024 01/25/2024 399.00 02/21/2022 Book